Information Systems Management in Practice (Record no. 5868)

MARC details
005 - DATE AND TIME OF LATEST TRANSACTION
control field 20250628081005.0
020 ## - INTERNATIONAL STANDARD BOOK NUMBER
International Standard Book Number 0-13-185471-2
082 ## - DEWEY DECIMAL CLASSIFICATION NUMBER
Classification number 658 MCN
100 ## - MAIN ENTRY--PERSONAL NAME
Author name MCNURLIN, B
245 ## - TITLE STATEMENT
Title Information Systems Management in Practice
250 ## - EDITION STATEMENT
Edition statement 7th Ed.
260 ## - PUBLICATION, DISTRIBUTION, ETC.
Place of publication, distribution, etc. New York,
Name of publisher, distributor, etc. Prentice,
300 ## - PHYSICAL DESCRIPTION
Extent 623p,
Other physical details Glossary & Index
Dimensions 23cm
700 ## - ADDED ENTRY--PERSONAL NAME
Other authors/Editors SPRAGUE, R.
942 ## - ADDED ENTRY ELEMENTS (KOHA)
Source of classification or shelving scheme Dewey Decimal Classification
Koha item type Books
Holdings
Date last seen Total checkouts Full call number Barcode Cost, replacement price Price effective from Koha item type Lost status Source of classification or shelving scheme Damaged status Not for loan Withdrawn status Home library Current library Shelving location Date acquired Cost, normal purchase price
06/28/2025   658 MCN DOM0002197 150000.00 06/28/2025 Books   Dewey Decimal Classification       CBE Dodoma CBE Dodoma General Collection 06/02/2011 50000.00